The Exo Quiz ! :D Stats

 Plays Quiz not verified by Sporcle

Support Sporcle.
Go Orange.
Score 0/15 Timer 10:00
0 Plays Today
% Correct
12
94.7%
Xiumin,Luhan,Kris
93%
Tao,Kai,Sehun
92.9%
Kris
90.7%
Baekhyun,Chen,Chanyeol
90%
4
87.9%
Tao
87.1%
8
86.7%
% Correct
Taemin
85.9%
2
84.9%
Lay
84.6%
Baekhyun,Chen,D.O
83.3%
6
81.3%
Amber
80.4%
Ryeowook
78.4%

You're not logged in!

Compare scores with friends on all Sporcle quizzes.
OR
Log In

From the Vault

Binary Logic Puzzle VI

by Susan300

Since when have the words "logic" and "easy" gone together?
Remove Ads.
Support Sporcle.
Get the best of Sporcle when you Go Orange. This ad-free experience offers more features, more stats, and more fun while also helping to support Sporcle. Thank you for becoming a member.

Show Comments

Extras

Created Oct 13, 2013ReportNominate
Tags:Exo

Top Quizzes Today


Score Distribution

Your Account Isn't Verified!

In order to create a playlist on Sporcle, you need to verify the email address you used during registration. Go to your Sporcle Settings to finish the process.

Report this User

Report this user for behavior that violates our Community Guidelines.

Details: